Θαλάσσια Βιολογία : λειτουργική βιολογία, βιοποικιλότητα, οικολογία
Αποθηκεύτηκε σε:
| Κύριος συγγραφέας: | |
|---|---|
| Άλλοι συγγραφείς: | |
| Μορφή: | Βιβλίο |
| Γλώσσα: | Greek |
| Δημοσίευση: |
Λευκωσία :
Broken Hill,
c2020.
|
| Θέματα: | |
| Ετικέτες: |
Προσθήκη ετικέτας
Δεν υπάρχουν, Καταχωρήστε ετικέτα πρώτοι!
|
MARC
| LEADER | 00000cam a2200000 a 4500 | ||
|---|---|---|---|
| 001 | 1/122976 | ||
| 008 | 210520s2020####cy a|||||| |||| ||gre|| | ||
| 020 | |a 9789925575091 | ||
| 040 | |a GR-MyUa |b gre |c GR-MyUa |e AACR2 | ||
| 041 | 1 | |a gre | |
| 082 | 7 | |a 578.77 |2 (23) | |
| 100 | 1 | |a Levinton, Jeffrey S. | |
| 245 | 1 | 0 | |a Θαλάσσια Βιολογία : |b λειτουργική βιολογία, βιοποικιλότητα, οικολογία / |c Jeffrey S. Levinton ; γενική επιμέλεια έκδοσης: Δρόσος Ι. Κουτσούμπας ; μετάφραση-επιμέλεια: Χρήστος Δ. Αρβανιτίδης ... [κ.ά.]. |
| 260 | |a Λευκωσία : |b Broken Hill, |c c2020. | ||
| 300 | |a 984 σ. : |b εικ. ; |c 29 εκ. | ||
| 500 | |a Τίτλος πρωτοτύπου: Marine biology. | ||
| 650 | 0 | |a Marine biology | |
| 650 | 0 | |a Marine ecology | |
| 700 | 1 | |a Κουτσούμπας, Δρόσος, |e edt | |
| 852 | |a INST |b LESVOS |c EUDOXUS |e 20210520 |h 578.77 LEV |p 005100063348 |q 005100063348 |t EDX |y 0 | ||
| 852 | |a INST |b LESVOS |c EUDOXUS |e 20210520 |h 578.77 LEV |p 005100063349 |q 005100063349 |t EDX |y 0 | ||
| 920 | |a Εύδοξος |b Παραγγελία |y Λέσβος-ΤΩΘΒ |z 2021-05 | ||
| 970 | |a Δημάκη |b Μαρία |z 20-05-2021 | ||